1711 1897 1746 1468 1564 1498 1483 1342 1176 1535 1035 1448 1095 1477 1265 1324 1244 1496 1440 1742 1633 1554 1236 1161 1550 1414 1903 1350 1059 1374 1841 1301 1921 1075 1761 1366 1056 1508 1816 1705 1365 1951 1981 1265 1127 1365 1338 1053 1463 1620 1947 1616 1906 1296 1793 1086 1119 1425 1338 1140 1329 1434 1171 1927 1618 1858 1532 1569 1598 1157 1866 1548 1281 1086 1663 1085 1733 1659 1007 1539 1131 1190 1871 1099 1624 1859 1501 1476 1380 1401 1789 1034 1005 1425 1278 1640 1360 1071 1590 BCNSPRNW ULIB Ver.6.0+V

เปลี่ยนเป็นภาษาไทย

Change to English
 แสดงรายละเอียดบรรณานุกรม
  กลับหน้าหลัก

Brief Record : Get Marc (ISO 2709) : E-mail record : QR code < ปิดหน้าต่าง
LEADER : 00000nam 2200000uu 4500
001    13399122201
003     ULIB
008    130109s2552||||th 000 0 tha d
020    ^a9789742350581
050  4 ^aHD69.P75^bส234ก 2552
100 0  ^aสมคิด พรมจุ้ย
245 10 ^aการเขียนรายงานการประเมินโครงการ /^cสมคิด พรมจุ้ย
250    ^aพิมพ์ครั้งที่ 1
260    ^aนนทบุรี :^bจตุพร ดีไซน์,^c2552
300    ^a300 หน้า :^bภาพประกอบ ;^c21 ซม.
650  7 ^aการเขียนโครงการ
650  7 ^aการประเมินโครงการ
650  7 ^aการเขียนรายงาน
650  7 ^aการวิเคราะห์และประเมินโครงการ
945    ^p0^l0^i19660
995    ^aกัณชพร
999 ^a ใช้งานได้ทุกระบบ
รายการนี้ยังไม่มีแท็ก
คุณยังไม่ได้ล็อกอิน คุณสามารถมีกิจกรรมร่วมกับเว็บไซต์ได้ แต่ต้องล็อกอินก่อน ::
  ล็อกอิน

รายการสื่อสารสนเทศ

ลำดับที่ ประเภท เลขเรียก/บาร์โค้ด สถานที่ สถานะ
1. การศึกษาทั่วไป
การศึกษาทั่วไป
HD69.P75 ส234ก 2552  
  Barcode: 19660
ห้องสมุดวิทยาเขตสวรรค์ประชารักษ์
►หนังสือทั่วไป
บนชั้น

รายการใกล้เคียง
    ผู้แต่ง [สมคิด พรมจุ้ย]

    หัวเรื่อง [การเขียนโครงการ]
    หัวเรื่อง [การประเมินโครงการ]
    หัวเรื่อง [การเขียนรายงาน]
    หัวเรื่อง [การวิเคราะห์และประเมินโครงการ]

BibComment


ยังไม่เคยถูกคอมเมนท์

คอมเมนท์ทรัพยากรรายการนี้
  คอมเมนท์: การเขียนรายงานกา..


 Copyright 2026. Bcnsprnw @Library